000 01151cam a2200337 a 4500
003 CHAP
005 20220329142124.0
008 990820d1997 es a r 00010 spa d
010 _a78781
011 _a79753
020 _a8471146797
035 _a90155
040 _cCHAP
082 0 4 _a631.455
_bM6Y 1995
100 0 0 _aMorgan, P. P. C.
_978800
245 1 0 _aErosión y conservación del suelo
_c/por R. P. C. Morgan
260 _aMadrid :
_bMundi-Prensa,
_c1997
300 _a343 p. :
_bilus. ; gráfs.
500 _aTrad. de : Soil erosion and conservation 2ed. 1995
590 _aBATCH-UPD
_b10
_c20130110
_lUCH01
_h2006
590 _aBATCH-UPD
_b10
_c20130410
_lUCH01
_h1235
590 _aBATCH-UPD
_b10
_c20130914
_lUCH01
_h1317
590 _aCONVERSION
_b10
_c20130109
_lUCH01
_h1344
650 1 4 _aErosión.
_937335
650 1 4 _aSuelos
_xConservación.
_9110283
901 _aBK
905 _aBlanca M. García O.
942 _cLIBRO
949 _a631.455 M6Y 1995
_bBC
_cLIBRO
_d33724000736450
_eLIBRO
_gI. 198963
_h96188
_i90155
_si
_t$423.00
949 _a631.455 M6Y 1995
_bBC
_cLIBRO
_d33724002047850
_eLIBRO
_fc.2
_gI.c/e
_h108915
_i90155
_si
_t$629.00
999 _c78781
_d78781